Brabante-ko Genoveva-ren bizitz arrigarri miragarria / (Record no. 139919)

MARC details
000 -LEADER
campo de control de longitud fija 00692nam a2200217 4500
001 - NÚMERO DE CONTROL
campo de control 139919
003 - IDENTIFICADOR DE NÚMERO DE CONTROL
campo de control ES-MaACL
005 - FECHA Y HORA DE LA ÚLTIMA TRANSACCIÓN
campo de control 20240525062948.0
007 - CAMPO FIJO DE DESCRIPCIÓN FÍSICA--INFORMACIÓN GENERAL
campo de control de longitud fija t|
008 - DATOS DE LONGITUD FIJA--INFORMACIÓN GENERAL
campo de control de longitud fija 070214s1960 sp r ||||1| baq d
080 ## - NÚMERO DE LA CLASIFICACIÓN DECIMAL UNIVERSAL
Número de la Clasificación Decimal Universal 087.5:82
100 1# - ENTRADA PRINCIPAL--NOMBRE DE PERSONA
Nombre de persona Schmid, Christoph von,
Fechas asociadas al nombre 1768-1854
9 (RLIN) 104449
245 10 - MENCIÓN DEL TÍTULO
Título Brabante-ko Genoveva-ren bizitz arrigarri miragarria /
Mención de responsabilidad, etc. egillea, Kristobal Schmid ; euskeratzallea, Gregorio Arrue.
260 ## - PUBLICACIÓN, DISTRIBUCIÓN, ETC.
Lugar de publicación, distribución, etc. Zarautz :
Nombre del editor, distribuidor, etc. Itxaropena,
Fecha de publicación, distribución, etc. 1960.
300 ## - DESCRIPCIÓN FÍSICA
Extensión 141 p. ;
Dimensiones 18 cm.
490 1# - MENCIÓN DE SERIE
Mención de serie Auñamendi ;
Designación de volumen o secuencia 1
700 1# - ENTRADA AGREGADA--NOMBRE PERSONAL
Nombre de persona Arrúe, Gregorio.
9 (RLIN) 23392
830 0# - PUNTO DE ACCESO ADICIONAL DE SERIE-TÍTULO UNIFORME
Título uniforme Auñamendi ;
Designación de volumen o secuencia 1
9 (RLIN) 186418
852 ## - LOCALIZACIÓN
Ubicación ES-MaACL
Número de control de estantería C-18714
Sublocalización o colección R.46639
Holdings
Estatus retirado Estado de pérdida Estado de daño No para préstamo Biblioteca de origen Biblioteca actual Ubicación en estantería Fecha de adquisición Fuente de adquisición Total de préstamos Signatura topográfica completa Código de barras Visto por última vez Precio de reemplazo Tipo de ítem Koha
        Biblioteca del Ateneo de Madrid Biblioteca del Ateneo de Madrid Galería 17/01/2008     C-18714 1145603 23/02/2023 23/02/2023 Libro impreso